000 00653ntm a2200229 i 4500
003 DO-SdBNP
005 20250204073953.0
007 ta
008 230602b1949 dr ||||| |||| 00| 0 spa d
040 _aDO-SdBNP
_bspa
_cBNPHU
_erda
082 4 _222
100 1 _aLebrón Saviñon, Mariano
_d1922-2014
_97227
245 1 0 _aEscenarios de la novelistica latino americana /
264 _aSanto Domingo :
_bs.n.
_c1949.
300 _a88 páginas ;
_c28 cm.
336 _2rdacontent
_atexto
_btxt
337 _2rdamedia
_asin mediación
_bn
338 _2rdacarrier
_avolumen
_bnc
590 _aInventariado, 2023/BT
910 _aBtavárez
942 _2ddc
_cLFM
999 _c53704
_d53704